00333nam a2200133Ia 4500008004100000020001800041040002900059050002200088100001700110245002200127260002800149942000700177999001500184230105s9999||||xx |||||||||||||| ||und|| a0-536-97113-7 cChuka University Library aPE 1408bT75 2005 aTRIMBUR,JOHN 4aTHE CALL TO WRITE aPEARSONbNEW YORKc2005 cBK c7538d7538